Richest U.S. States Bordering Each Other - Statistics

General Stats
  • This quiz has been taken 29 times
  • The average score is 29 of 30
Answer Stats
Average U.S. States % Correct
7.5 Maryland
100%
8.0 Maryland
100%
8.0 New York
100%
8.5 New York
100%
12.5 New York
100%
12.5 Arizona
96%
10.5 California
96%
12.5 California
96%
5.5 Connecticut
96%
12.5 Connecticut
96%
3.5 Massachusetts
96%
5.5 Massachusetts
96%
8.0 Massachusetts
96%
9.0 Massachusetts
96%
10.0 Massachusetts
96%
7.5 New Jersey
96%
8.5 New Jersey
96%
10.5 Oregon
96%
11.5 Oregon
96%
9.0 Rhode Island
96%
10.0 Vermont
96%
12.5 Vermont
96%
11.5 Washington
96%
7.5 Delaware
93%
8.0 Delaware
93%
3.5 New Hampshire
93%
12.5 New Hampshire
93%
7.5 Virginia
93%
8.5 Colorado
81%
8.5 Utah
81%
No matching quizzes found
Score Distribution
Percent of People with Each Score
Percentile by Number Answered
Your Score History
You have not taken this quiz